Purchasing and supply management : (Record no. 1368)

MARC details
000 -LEADER
fixed length control field 00745nam a2200229 ar4500
001 - CONTROL NUMBER
control field 1370
005 - DATE AND TIME OF LATEST TRANSACTION
control field 20221127090213.0
008 - FIXED-LENGTH DATA ELEMENTS--GENERAL INFORMATION
fixed length control field 090725s xxua 00110 eng d
020 ## - INTERNATIONAL STANDARD BOOK NUMBER
International Standard Book Number 0071117385 :
Terms of availability SR188.00
020 ## - INTERNATIONAL STANDARD BOOK NUMBER
International Standard Book Number 0071249664
082 04 - DEWEY DECIMAL CLASSIFICATION NUMBER
Classification number 658.72
Item number P971 2006
245 00 - TITLE STATEMENT
Title Purchasing and supply management :
Remainder of title with 50 supply chain cases / Michiel R. Leenders ... [et al.].
250 ## - EDITION STATEMENT
Edition statement 13th ed.
260 ## - PUBLICATION, DISTRIBUTION, ETC.
Place of publication, distribution, etc. Boston, Mass. :
Name of publisher, distributor, etc. McGraw-Hill/Irwin,
Date of publication, distribution, etc. 2006.
300 ## - PHYSICAL DESCRIPTION
Extent xix, 564 p. :
Other physical details ill. ;
Dimensions 24 cm.
440 #0 - SERIES STATEMENT/ADDED ENTRY--TITLE
Title McGraw-Hill/Irwin series in operations and decision sciences
500 ## - GENERAL NOTE
General note Includes index.
650 #4 - SUBJECT ADDED ENTRY--TOPICAL TERM
Topical term or geographic name entry element Purchasing.
650 #4 - SUBJECT ADDED ENTRY--TOPICAL TERM
Topical term or geographic name entry element Materials management.
650 #4 - SUBJECT ADDED ENTRY--TOPICAL TERM
Topical term or geographic name entry element Marketing channels.
700 0# - ADDED ENTRY--PERSONAL NAME
Personal name Leenders, Michiel R.
Holdings
Withdrawn status Lost status Source of classification or shelving scheme Damaged status Not for loan Home library Current library Date acquired Total Checkouts Full call number Barcode Date last seen Copy number Price effective from Koha item type
              11/27/2022   658.72 P971 2006 1000000009853 11/27/2022 C4 11/27/2022 Book
          CENTRAL CENTRAL 11/27/2022   658.72 P971 2006 1000000004485 11/27/2022 C1 11/27/2022 Book
          CENTRAL CENTRAL 11/27/2022   658.72 P971 2006 1000000003639 11/27/2022 C3 11/27/2022 Book
          KHOBAR KHOBAR 11/27/2022   658.72 P971 2006 1000000004486 11/27/2022 C2 11/27/2022 Book